000 00497cam a2200193 4500
001 D9952
008 090401t1984 xxu||||| |||| 00| 0 eng d
035 _a(Sirsi) u23540
041 _aeng
050 _a333.8
100 _aWolfe, John A
245 _aMineral resources: a world review
260 _aNew York / London
_bChapman and Hall
_c1984
300 _axv. 293p. ill. 25cm
350 _a10.95
490 _aEnvironmental Resource Management Series
942 _n0
948 _c04/03/1997
999 _c88424
_d88424